| 000 | 00410nam a2200157Ia 4500 | ||
|---|---|---|---|
| 008 | 210210b1970 xxu||||| |||| 00| 0 eng d | ||
| 082 | _a547 HENO | ||
| 100 | _aHENDRICKSON (James B) & others. | ||
| 245 | _aOrganic chemistry.Ed 3. | ||
| 250 | _a | ||
| 260 |
_aN D _bMcGraw Hill Kogakusha Ltd., _c1970 |
||
| 300 | _axv,1279 | ||
| 650 | _aOrganic Chemistry | ||
| 690 | _aOrganic Chemistry | ||
| 906 | _aCC00119 | ||
| 999 |
_c109047 _d109047 |
||